000 00351 a2200109 4500
020 _a8120317343
082 _a624.171105 RAJ
100 _aRajasekaran, S.
245 _aComputational Structural Mechanics/
_cS. Rajasekaran, G. Sankarasubramanian
260 _aNew Delhi :
_bPrentice Hall of India,
_c2001
300 _axiv, 782p. :
_bill. ;
_c25 cm
_eCD
650 _aStructural Mechanics
999 _c1248
_d1248